Loading...
| Other Academic | 0 | 5 | 0 | 1 | 50 | 69 | 108.20 | 0 | 1 | 0.00 | 0.00 |
| Social Science | 0 | 5 | 1 | 0 | 45 | 71 | 88.80 | 1 | 2 | 0.00 | 0.00 |
| Religion | 0 | 6 | 3 | 1 | 45 | 48 | 103.67 | 1 | 3 | 0.00 | 0.00 |
| History - World | 0 | 5 | 1 | 4 | 45 | 126 | 134.40 | 0 | 0 | 0.00 | 0.00 |
| History - Other | 0 | 4 | 0 | 1 | 40 | 76 | 108.50 | 1 | 1 | 0.00 | 0.00 |
| History - American | 0 | 4 | 0 | 0 | 40 | 94 | 113.50 | 0 | 0 | 0.00 | 0.00 |
| Current Events | 0 | 4 | 1 | 1 | 35 | 81 | 111.50 | 0 | 0 | 0.00 | 0.00 |
| Geography | 0 | 3 | 0 | 2 | 30 | 89 | 122.00 | 0 | 1 | 0.00 | 0.00 |
| Literature - British | 0 | 3 | 0 | 0 | 30 | 99 | 124.67 | 0 | 0 | 0.00 | 0.00 |
| History - European | 0 | 3 | 0 | 1 | 30 | 103 | 119.67 | 0 | 1 | 0.00 | 0.00 |
| Mythology | 0 | 1 | 0 | 0 | 10 | 131 | 131.00 | 0 | 0 | 0.00 | 0.00 |
| Fine Arts - Painting & Sculpture | 0 | 1 | 0 | 0 | 10 | 108 | 108.00 | 0 | 0 | 0.00 | 0.00 |
| Fine Arts - Classical Music | 0 | 1 | 0 | 0 | 10 | 129 | 129.00 | 0 | 0 | 0.00 | 0.00 |
| Literature - American | 0 | 1 | 0 | 0 | 10 | 115 | 115.00 | 0 | 0 | 0.00 | 0.00 |
| Literature - World | 0 | 1 | 0 | 0 | 10 | 62 | 62.00 | 1 | 1 | 0.00 | 0.00 |
| Fine Arts - Other | 0 | 1 | 1 | 1 | 5 | 150 | 150.00 | 0 | 0 | 0.00 | 0.00 |
| Science - Biology | 0 | 1 | 1 | 0 | 5 | 30 | 30.00 | 1 | 1 | 0.00 | 0.00 |
| Literature - European | 0 | 0 | 0 | 0 | 0 | 0.00 | 0 | 0 | 0.00 | 0.00 | |
| Science - Other | 0 | 0 | 1 | 0 | -5 | 0.00 | 0 | 0 | 0.00 | 0.00 |